书目信息 |
| 题名: |
审美经验现象学
|
|
| 作者: | 米.杜夫海纳 著 | |
| 分册: | 下 | |
| 出版信息: | 北京 文化艺术出版社 1996.08 |
|
| 页数: | 273~628页 | |
| 开本: | 32开 | |
| 丛书名: | ||
| 单 册: | ||
| 中图分类: | B83-0 | |
| 科图分类: | ||
| 主题词: | 美学 | |
| 电子资源: | ||
| ISBN: | 7-5039-0990-0 | |
| 000 | 00579nam0 2200193 45 | |
| 001 | 0110241005 | |
| 005 | 20031219104051.2 | |
| 010 | @a7-5039-0990-0@dCNY30.00 | |
| 100 | @a20011024d1996 km y0chiy0120 ea | |
| 101 | 0 | @achi@cfre |
| 105 | @a z 000yy | |
| 200 | 1 | @a审美经验现象学@h下@AShen Mei Jing Yan Xian Xiang Xue@f(法)米.杜夫海纳著@F(Fa)Mi.Du Fu Hai Na Zhu |
| 210 | @a北京@c文化艺术出版社@d1996.08 | |
| 215 | @a273~628页@d32开 | |
| 606 | 0 | @a美学 |
| 690 | @aB83-0@v4 | |
| 701 | @a米.杜夫海纳@4著 | |
| 801 | @aCN@bTSTC@c20011024 | |
| 905 | @f5@b299887-891@dB83-0@e142:2 | |
| 审美经验现象学.下/(法)米.杜夫海纳著.-北京:文化艺术出版社,1996.08 |
| 273~628页;32开 |
| ISBN 7-5039-0990-0:CNY30.00 |
| ● |
| 相关链接 |
|
|
|
|
正题名:审美经验现象学
索取号:B83-0/142:2
 
预约/预借
| 序号 | 登录号 | 条形码 | 馆藏地/架位号 | 状态 | 备注 |
| 1 | 0299887 | 202998872 | 第一借阅区/ [索取号:B83-0/142:2] | 在馆 | |
| 2 | 0299888 | 202998881 | 密集书库/ [索取号:B83-0/142:2] | 在馆 | |
| 3 | 0299889 | 202998890 | 第一样本阅览室/ [索取号:B83-0/142:2] | 在馆 | |
| 4 | 0299890 | 202998907 | 密集书库/ [索取号:B83-0/142:2] | 在馆 | |
| 5 | 0299891 | 202998916 | 密集书库/ [索取号:B83-0/142:2] | 在馆 | |
| 6 | 0300691 | 203006914 | 密集书库/ [索取号:B83-0/142:2] | 在馆 | |
| 7 | 0300692 | 203006923 | 密集书库/ [索取号:B83-0/142:2] | 在馆 | |
| 8 | 0300693 | 203006932 | 第一借阅区/ [索取号:B83-0/142:2] | 在馆 | |
| 9 | 0300694 | 203006941 | 第一借阅区/ [索取号:B83-0/142:2] | 在馆 | |
| 10 | 0300695 | 203006950 | 密集书库/ [索取号:B83-0/142:2] | 在馆 |